Human capital formation in East Malaysia : a socio-economic profile of graduates in Sabah and Sarawak

Bibliographic Details
Main Author: Jasbir Sarjit Singh
Format: Book
Published: Kuala Lumpur : Inst.Pengajian Tinggi UM , 1991
Subjects:

MARC

LEADER 00000cam a2200000 7i4500
001 0000002892
002 000003129
005 20000330.0
020 |a 9839576100 
090 0 0 |a 378.595   |b JAS 
100 0 |a Jasbir Sarjit Singh 
245 1 0 |a Human capital formation in East Malaysia :   |b a socio-economic profile of graduates in Sabah and Sarawak   |c Jasbir Sarjit Singh and Ozay Mehmet 
260 |a Kuala Lumpur :   |b Inst.Pengajian Tinggi UM ,   |c 1991 
300 |a 138p. ;   |c 25cm. 
650 0 0 |a Human capital   |z Malaysia 
999 |a 036459   |b BUKU   |c MALAYSIANA   |e PERPUSTAKAAN KOMUNITI PETALING JAYA